Alle Ortschaften und Städte der Schweiz - Statistiken

Allgemein
  • Dieses Quiz wurde 27 mal gespielt
  • Das Durchschnittsergebnis liegt bei 267 aus 4210
Antworten auf der Karte
Die Antworten werden auf der Karte rot bzw. grün angezeigt, abhängig davon wie oft sie richtig erraten wurden.
 
Antwortstatistiken
Ortschaft % Korrekt
Zürich
81%
Basel
76%
Winterthur
76%
Bern
71%
Luzern
67%
Schaffhausen
67%
Starrkirch-Wil
67%
Berg
62%
Berg am Irchel
62%
Berg SG
62%
Berg TG
62%
Burg AG
62%
Burg im Leimental
62%
Hünenberg See
62%
Zug
62%
Lausen
57%
Lueg
57%
St. Gallen
57%
Biel/Bienne
52%
Bürg
52%
Horw
52%
Lausanne
52%
Stein AG
52%
Stein AR
52%
Stein SG
52%
St. Moritz
52%
Thun
52%
Aesch BL
48%
Aesch LU
48%
Aesch (Neftenbach)
48%
Aesch ZH
48%
Au SG
48%
Au ZH
48%
Baar
48%
Baar (Nendaz)
48%
Biel VS
48%
Buch
48%
Buch am Irchel
48%
Buch b. Frauenfeld
48%
Buch b. Kümmertshausen
48%
Buch b. Märwil
48%
Buchs AG
48%
Buch SH
48%
Buchs LU
48%
Buchs SG
48%
Buchs ZH
48%
Davos Dorf
48%
Genève
48%
Glarus
48%
Jona
48%
Lugano
48%
Rapperswil BE
48%
Rapperswil SG
48%
Schwyz
48%
Stans
48%
Wil AG
48%
Wil SG
48%
Wil ZH
48%
Aarau
43%
Appenzell
43%
Arn
43%
Baden
43%
Bellinzona
43%
Brig
43%
Chur
43%
Loc
43%
Lüen
43%
Mon
43%
Sarn
43%
Sarnen
43%
Sion
43%
Solothurn
43%
Sur
43%
Sursee
43%
Wald
43%
Wald AR
43%
Wald ZH
43%
Arth
38%
Bäch
38%
Bäch SZ
38%
Brè sopra Locarno
38%
Brè sopra Lugano
38%
Brienz/Brinzauls GR
38%
Brunnen
38%
Dorf
38%
Enge
38%
Engelberg
38%
Engelburg
38%
Frauenfeld
38%
Fribourg
38%
Gossau SG
38%
Gossau ZH
38%
Hasliberg Reuti
38%
Hergiswil b. Willisau
38%
Hergiswil NW
38%
Höri
38%
Interlaken
38%
Kriens
38%
Küssnacht am Rigi
38%
Langnau am Albis
38%
Langnau b. Reiden
38%
Langnau im Emmental
38%
Liestal
38%
Locarno
38%
Mont-la-Ville
38%
Mont-sur-Rolle
38%
Mur (Vully) VD
38%
Neuchâtel
38%
Olten
38%
Opfikon
38%
Reuti
38%
Rorschach
38%
Rüti
38%
Rüti b. Büren
38%
Rüti b. Lyssach
38%
Rüti b. Riggisberg
38%
Rüti GL
38%
Rüti ZH
38%
Scuol
38%
Staad
38%
Staad SG
38%
Thal
38%
Uznach
38%
Wahlen b. Laufen
38%
Wangen an der Aare
38%
Wangen b. Dübendorf
38%
Wangen b. Olten
38%
Wangen SZ
38%
Zermatt
38%
Aadorf
33%
Affoltern
33%
Affoltern am Albis
33%
Affoltern im Emmental
33%
Airolo
33%
Altdorf SH
33%
Altdorf UR
33%
Altstätten SG
33%
Bassersdorf
33%
Bülach
33%
Bulle
33%
Cham
33%
Emmen
33%
Faido
33%
Flüelen
33%
Full
33%
Fully
33%
Goldau
33%
Hasle b. Burgdorf
33%
Hasle LU
33%
Hochdorf
33%
Kloten
33%
Köniz
33%
Kreuzlingen
33%
La Chaux (Cossonay)
33%
La Chaux-de-Fonds
33%
La Chaux-des-Breuleux
33%
La Chaux-de-Ste-Croix
33%
La Chaux-du-Milieu
33%
Langenthal
33%
Laufen
33%
Lauterbrunnen
33%
Le Locle
33%
Martigny
33%
Meilen
33%
Montreux
33%
Nyon
33%
Oberbipp
33%
Oberried
33%
Oberried am Brienzersee
33%
Oberried FR
33%
Oberwil
33%
Oberwil b. Büren
33%
Oberwil BL
33%
Oberwil b. Zug
33%
Oberwil (Dägerlen)
33%
Oberwil im Simmental
33%
Oberwil-Lieli
33%
Pfäffikon SZ
33%
Pfäffikon ZH
33%
Romanshorn
33%
Sargans
33%
Schwanden b. Brienz
33%
Schwanden GL
33%
Schwanden im Emmental
33%
Schwanden (Sigriswil)
33%
Spreitenbach
33%
Stäfa
33%
St. Peter
33%
Teufen AR
33%
Teufen ZH
33%
Uster
33%
Uzwil
33%
Visp
33%
Wohlen AG
33%
Wohlen b. Bern
33%
Aarberg
29%
Aarburg
29%
Aeschi b. Spiez
29%
Aeschi SO
29%
Aigle
29%
Amriswil
29%
Andermatt
29%
Arbon
29%
Arosa
29%
Bad Ragaz
29%
Bad Zurzach
29%
Bougy-Villars
29%
Bremgarten AG
29%
Bremgarten b. Bern
29%
Brugg AG
29%
Brügg BE
29%
Brunni
29%
Delémont
29%
Dietikon
29%
Ebikon
29%
Egg b. Zürich
29%
Egg (Flawil)
29%
Egg SZ
29%
Einsiedeln
29%
Flawil
29%
Flums
29%
Flums Hochwiese
29%
Freienbach
29%
Göschenen
29%
Grindel
29%
Grindelwald
29%
Gstaad
29%
Heiden
29%
Herisau
29%
Horn
29%
Innertkirchen
29%
Lenk im Simmental
29%
Leuk Stadt
29%
Linthal
29%
Lyss
29%
Matt
29%
Mendrisio
29%
Mürren
29%
Nesslau
29%
Noës
29%
Oensingen
29%
Oerlikon
29%
Ponte Tresa
29%
Pontresina
29%
Pont (Veveyse)
29%
Pratteln
29%
Pully
29%
Rheinfelden
29%
Ricken SG
29%
Ried
29%
Ried b. Kerzers
29%
Ried (Frutigen)
29%
Ried (Muotathal)
29%
Riehen
29%
Romont BE
29%
Romont FR
29%
Saanen
29%
Saas-Fee
29%
Saas im Prättigau
29%
Schachen
29%
Schachen b. Herisau
29%
Schachen b. Reute
29%
Schachen LU
29%
Seelisberg
29%
Sempach
29%
Sierre
29%
Stalden
29%
Stalden (Sarnen)
29%
Stalden VS
29%
St. Margrethen SG
29%
Tarasp
29%
Tiefencastel
29%
Trub
29%
Villa (Evolène)
29%
Villa Luganese
29%
Villars
29%
Villars-Bozon
29%
Villars-Bramard
29%
Villars-Burquin
29%
Villars-Epeney
29%
Villars-le-Comte
29%
Villars-le-Grand
29%
Villars-le-Terroir
29%
Villars-Mendraz
29%
Villars-sous-Champvent
29%
Villars-sous-Mont
29%
Villars-sous-Yens
29%
Villars-Ste-Croix
29%
Villars-sur-Fontenais
29%
Villars-sur-Glâne
29%
Villars-sur-Ollon
29%
Villars-Tiercelin
29%
Wädenswil
29%
Watt
29%
Wattwil
29%
Wildhaus
29%
Winkel
29%
Wittenbach
29%
Zweisimmen
29%
Adelboden
24%
Alpnach Dorf
24%
Alt St. Johann
24%
Beatenberg
24%
Biel-Benken BL
24%
Boltigen
24%
Braunwald
24%
Bruggen
24%
Bure
24%
Chiasso
24%
Crans VD
24%
Davos Wiesen
24%
Dietlikon
24%
Disentis/Mustér
24%
Dübendorf
24%
Erlen
24%
Erlenbach im Simmental
24%
Erlenbach ZH
24%
Erstfeld
24%
Estavayer-le-Gibloux
24%
Estavayer-le-Lac
24%
Feusisberg
24%
Gampel
24%
Gland
24%
Goldach
24%
Gondo
24%
Gsteig b. Gstaad
24%
Hausen
24%
Hausen am Albis
24%
Horgen
24%
Konolfingen
24%
Küsnacht ZH
24%
Laupen BE
24%
Laupen ZH
24%
Leukerbad
24%
Lichtensteig
24%
Maloja
24%
Meggen
24%
Meiringen
24%
Monthey
24%
Mühle
24%
Muri AG
24%
Muri b. Bern
24%
Murten
24%
Müstair
24%
Naters
24%
Neu St. Johann
24%
Niederbipp
24%
Niederried b. Interlaken
24%
Niederried b. Kallnach
24%
Oberägeri
24%
Poschiavo
24%
Rafz
24%
Rheineck
24%
Rüschlikon
24%
Saas-Grund
24%
Samnaun Dorf
24%
Schmerikon
24%
Schwarzenberg LU
24%
Schwarzenburg
24%
Seewen SO
24%
Seewen SZ
24%
Sennwald
24%
Sirnach
24%
Sissach
24%
Sonceboz
24%
Speicher
24%
Spiez
24%
Steg im Tösstal
24%
Steg VS
24%
St-George
24%
St. Georgen
24%
St-Imier
24%
St. Stephan
24%
Täsch
24%
Trogen
24%
Unterägeri
24%
Urnäsch
24%
Walenstadt
24%
Weinfelden
24%
Wetzikon TG
24%
Wetzikon ZH
24%
Wiler
24%
Wiler b. Seedorf
24%
Wiler b. Utzenstorf
24%
Wiler (Lötschen)
24%
Wiler vor Holz
24%
Wimmis
24%
Worb
24%
Würenlos
24%
Yverdon-les-Bains
24%
Zernez
24%
Ziegelbrücke
24%
Zofingen
24%
Abtwil AG
19%
Abtwil SG
19%
Aeschlen b. Oberdiessbach
19%
Aeschlen ob Gunten
19%
Allschwil
19%
Alpnachstad
19%
Alten
19%
Altstetten
19%
Ambrì
19%
Amden
19%
Arlesheim
19%
Ascona
19%
Bachenbülach
19%
Bauma
19%
Belp
19%
Benken SG
19%
Benken ZH
19%
Biasca
19%
Binn
19%
Bitsch
19%
Blatten b. Naters
19%
Blatten (Lötschen)
19%
Blumenstein
19%
Bodio TI
19%
Bönigen b. Interlaken
19%
Bosco/Gurin
19%
Bottmingen
19%
Brissago
19%
Brülisau
19%
Brüttisellen
19%
Bühl
19%
Bühl b. Aarberg
19%
Buochs
19%
Büren an der Aare
19%
Büren NW
19%
Büren SO
19%
Büren zum Hof
19%
Burgdorf
19%
Burgistein
19%
Bürglen OW
19%
Bürglen TG
19%
Bürglen UR
19%
Castione
19%
Contra
19%
Cully
19%
Därligen
19%
Domat/Ems
19%
Effretikon
19%
Einigen
19%
Elgg
19%
Elm
19%
Embrach
19%
Emmenbrücke
19%
Esslingen
19%
Faulensee
19%
Filisur
19%
Fli
19%
Flims Dorf
19%
Forst
19%
Forst b. Längenbühl
19%
Frutigen
19%
Ftan
19%
Gadmen
19%
Glattbrugg
19%
Glattfelden
19%
Glis
19%
Gonten
19%
Gross
19%
Gunten
19%
Gwatt (Thun)
19%
Hasli
19%
Herrliberg
19%
Herzogenbuchsee
19%
Hilterfingen
19%
Hofstetten b. Brienz
19%
Hofstetten SO
19%
Hofstetten ZH
19%
Hombrechtikon
19%
Höngg
19%
Hospental
19%
Hünibach
19%
Ins
19%
Iseltwald
19%
Ittigen
19%
Jegenstorf
19%
Kandergrund
19%
Kaufdorf
19%
Kehrsatz
19%
Kemptthal
19%
Kien
19%
Killwangen
19%
Kirchberg BE
19%
Kirchberg SG
19%
Kirchdorf AG
19%
Kirchdorf BE
19%
Klosters
19%
Klus
19%
Krattigen
19%
Laax GR
19%
Lachen
19%
Lachen SZ
19%
Lantsch/Lenz
19%
Leissigen
19%
Lengnau AG
19%
Lengnau BE
19%
Lenzburg
19%
Littau
19%
Losone
19%
Luc (Ayent)
19%
Lungern
19%
Maggia
19%
Maienfeld
19%
Marbach LU
19%
Marbach SG
19%
Martina
19%
Matten b. Interlaken
19%
Matten (St. Stephan)
19%
Merligen
19%
Meyrin
19%
Montbovon
19%
Mühlehorn
19%
Mülenen
19%
Münchenbuchsee
19%
Münsingen
19%
Muotathal
19%
Muttenz
19%
Neuhausen am Rheinfall
19%
Neuhaus SG
19%
Niederhasli
19%
Niederwangen b. Bern
19%
Noflen
19%
Noflen BE
19%
Nottwil
19%
Oberhasli
19%
Oberhof
19%
Oberhofen
19%
Oberhofen AG
19%
Oberhofen am Thunersee
19%
Oberhofen TG
19%
Oberriet SG
19%
Oey
19%
Oftringen
19%
Palézieux
19%
Paradiso
19%
Payerne
19%
Piotta
19%
Porrentruy
19%
Quarten
19%
Raron
19%
Reichenbach im Kandertal
19%
Reinach AG
19%
Reinach BL
19%
Renens VD
19%
Reutigen
19%
Rickenbach
19%
Rickenbach BL
19%
Rickenbach b. Schwyz
19%
Rickenbach b. Wil
19%
Rickenbach LU
19%
Rickenbach SO
19%
Rickenbach Sulz
19%
Rickenbach ZH
19%
Rieden SG
19%
Riggisberg
19%
Rodersdorf
19%
Roggwil BE
19%
Roggwil TG
19%
Rorbas
19%
Rothrist
19%
Rotkreuz
19%
Rue
19%
Rupperswil
19%
Sachseln
19%
Salez
19%
Schänis
19%
Schönried
19%
Schwarzenbach (Huttwil)
19%
Schwarzenbach LU
19%
Schwarzenbach SG
19%
Schwendi im Weisstannental
19%
Seftigen
19%
Sent
19%
Sigriswil
19%
Sisikon
19%
Sombeval
19%
Sörenberg
19%
Splügen
19%
Sta. Maria in Calanca
19%
Stansstad
19%
Stein am Rhein
19%
St. Fiden
19%
St. Niklaus
19%
St. Niklaus VS
19%
Susch
19%
Tavannes
19%
Tenero
19%
Thusis
19%
Toffen
19%
Töss
19%
Trubschachen
19%
Uetendorf
19%
Unterseen
19%
Uttigen
19%
Vals
19%
Vers-chez-les-Blanc
19%
Vers-chez-Perrin
19%
Vers-chez-Savary
19%
Vers-l'Eglise
19%
Versoix
19%
Vevey
19%
Walde AG
19%
Walde SG
19%
Wallisellen
19%
Wassen UR
19%
Weesen
19%
Weggis
19%
Wettingen
19%
Wichtrach
19%
Wilen b. Neunforn
19%
Wilen b. Wil
19%
Wilen b. Wollerau
19%
Wilen (Gottshaus)
19%
Wilen (Sarnen)
19%
Windisch
19%
Winkeln
19%
Wolfenschiessen
19%
Zollikon
19%
Zweilütschinen
19%
Zwieselberg
19%
Aarau Rohr
14%
Aeugst am Albis
14%
Agasul
14%
Allaman
14%
Allmendingen
14%
Allmendingen b. Bern
14%
Altenrhein
14%
Augst BL
14%
Aven
14%
Avenches
14%
Balsthal
14%
Bäriswil BE
14%
Betten
14%
Bettingen
14%
Bière
14%
Binningen
14%
Broc
14%
Brusio
14%
Bubikon
14%
Celerina/Schlarigna
14%
Château-d'Oex
14%
Chevroux
14%
Crans-Montana
14%
Crissier
14%
Därstetten
14%
Derendingen
14%
Dornach
14%
Dulliken
14%
Ebnat-Kappel
14%
Eglisau
14%
Eich
14%
Eiken
14%
Ennenda
14%
Eschenbach LU
14%
Eschenbach SG
14%
Feldmeilen
14%
Flamatt
14%
Frick
14%
Gattikon
14%
Gerlafingen
14%
Gersau
14%
Gimmelwald
14%
Gockhausen
14%
Greifensee
14%
Grenchen
14%
Grossaffoltern
14%
Grüsch
14%
Gruyères
14%
Gurzelen
14%
Guttannen
14%
Haag (Rheintal)
14%
Heiligenschwendi
14%
Henggart
14%
Höfen b. Thun
14%
Hofen SH
14%
Hundwil
14%
Ilanz
14%
Illnau
14%
Immensee
14%
Intragna
14%
Jaberg
14%
Jaun
14%
Jonschwil
14%
Kaiseraugst
14%
Kaiserstuhl AG
14%
Kaltbrunn
14%
Kandersteg
14%
Kappel am Albis
14%
Kappel SO
14%
Kastanienbaum
14%
Kesswil
14%
Kiesen
14%
Kippel
14%
Koppigen
14%
Landquart
14%
Längenbühl
14%
La Sagne NE
14%
La Sagne (Ste-Croix)
14%
Laufenburg
14%
Le Brassus
14%
Le Noirmont
14%
Lenzerheide/Lai
14%
Leysin
14%
Ligerz
14%
Lindau
14%
Lucens
14%
Lützelflüh-Goldbach
14%
Lyssach
14%
Magadino
14%
Männedorf
14%
Maur
14%
Melide
14%
Mels
14%
Menziken
14%
Merlischachen
14%
Mesocco
14%
Minusio
14%
Möhlin
14%
Moutier
14%
Mumpf
14%
Muolen
14%
Murg
14%
Niederbüren
14%
Niederösch
14%
Niederscherli
14%
Niederstocken
14%
Niederurnen
14%
Niederweningen
14%
Niederwil
14%
Niederwil AG
14%
Niederwil SG
14%
Niederwil SO
14%
Niederwil ZH
14%
Noiraigue
14%
Oberbüren
14%
Oberdiessbach
14%
Oberösch
14%
Oberrieden
14%
Oberscherli
14%
Oberstocken
14%
Oberurnen
14%
Oberwangen TG
14%
Oberweningen
14%
Oberwinterthur
14%
Oppligen
14%
Orbe
14%
Ortschwaben
14%
Pohlern
14%
Quinto
14%
Realp
14%
Regensdorf
14%
Rehetobel
14%
Rhäzüns
14%
Ringgenberg BE
14%
Risch
14%
Rolle
14%
Rosé
14%
Rothenthurm
14%
Rüeggisberg
14%
Rümlang
14%
Rüschegg Graben
14%
Rüthi (Rheintal)
14%
Saanenmöser
14%
Saas-Almagell
14%
Saint-Maurice
14%
Samedan
14%
Samstagern
14%
Sattel
14%
Sax
14%
Saxeten
14%
Schangnau
14%
Schattdorf
14%
Schindellegi
14%
Schlieren
14%
Schönenberg an der Thur
14%
Schönenberg ZH
14%
Schwamendingen Mitte
14%
Sedrun
14%
Seedorf BE
14%
Seedorf UR
14%
S. Nazzaro
14%
Stallikon
14%
St. Antoni
14%
Steffisburg
14%
Steinach
14%
Steinen
14%
Steinhausen
14%
Steinmaur
14%
St-Gingolph
14%
St-Maurice
14%
St-Ursanne
14%
St. Ursen
14%
Suberg
14%
Suhr
14%
Sumiswald
14%
Thalwil
14%
Thürnen
14%
Tübach
14%
Uitikon Waldegg
14%
Unterwasser
14%
Urdorf
14%
Urtenen-Schönbühl
14%
Utzenstorf
14%
Valé
14%
Vallorbe
14%
Verbier
14%
Visperterminen
14%
Vitznau
14%
Volketswil
14%
Waldegg
14%
Walzenhausen
14%
Weiach
14%
Weissenburg
14%
Wengen
14%
Wienacht-Tobel
14%
Wila
14%
Worblaufen
14%
Zufikon
14%
Zuoz
14%
Zwischenflüh
14%
Aarwangen
10%
Achseten
10%
Adligenswil
10%
Adlikon b. Andelfingen
10%
Adlikon b. Regensdorf
10%
Agno
10%
Albis
10%
Alle
10%
Alvaneu Bad
10%
Alvaneu Dorf
10%
Amsoldingen
10%
Amsteg
10%
Andelfingen
10%
Andiast
10%
Andwil SG
10%
Andwil TG
10%
Arbedo
10%
Arni AG
10%
Arni BE
10%
Balgach
10%
Bellach
10%
Belpberg
10%
Bergdietikon
10%
Bergün/Bravuogn
10%
Beromünster
10%
Betschwanden
10%
Bettlach
10%
Bex
10%
Birsfelden
10%
Bischofszell
10%
Blausee-Mitholz
10%
Bonaduz
10%
Bondo
10%
Boppelsen
10%
Breil/Brigels
10%
Brienzwiler
10%
Brigerbad
10%
Brücke
10%
Brütten
10%
Buchberg
10%
Buchen im Prättigau
10%
Buechen
10%
Bümpliz-Oberbottigen
10%
Bussigny
10%
Bussigny-sur-Oron
10%
Bussnang
10%
Bussy
10%
Bussy FR
10%
Bussy-sur-Moudon
10%
Bütschwil
10%
Cadenazzo
10%
Camedo
10%
Carouge GE
10%
Carrouge VD
10%
Céligny
10%
Champéry
10%
Chaumont
10%
Colombier NE
10%
Colombier VD
10%
Conthey
10%
Court
10%
Courtelary
10%
Cumpadials
10%
Dagmersellen
10%
Dallenwil
10%
Davos Platz
10%
Degersheim
10%
Dicken
10%
Dielsdorf
10%
Diemtigen
10%
Diepoldsau
10%
Diesbach GL
10%
Diessbach b. Büren
10%
Diesse
10%
Diessenhofen
10%
Dietfurt
10%
Ebmatingen
10%
Echallens
10%
Ecublens FR
10%
Ecublens VD
10%
Egerkingen
10%
Eggersriet
10%
Ellikon am Rhein
10%
Ellikon an der Thur
10%
Embd
10%
Emmetten
10%
Engi
10%
Ennetbürgen
10%
Eriz
10%
Eschenz
10%
Escholzmatt
10%
Evolène
10%
Fällanden
10%
Feldbach
10%
Ferden
10%
Fideris
10%
Fiesch
10%
Fischingen
10%
Flaach
10%
Fläsch
10%
Flerden
10%
Flüh
10%
Forch
10%
Frasnacht
10%
Gais
10%
Gandria
10%
Gelterkinden
10%
Giessen
10%
Giubiasco
10%
Goldiwil (Thun)
10%
Gontenbad
10%
Grabs
10%
Grandson
10%
Grund b. Gstaad
10%
Guggisberg
10%
Gümligen
10%
Guntershausen b. Aadorf
10%
Guntershausen b. Berg
10%
Gy
10%
Habkern
10%
Hallwil
10%
Haslen AI
10%
Haslen GL
10%
Hätzingen
10%
Heerbrugg
10%
Hegi
10%
Heimberg
10%
Heimenschwand
10%
Hérémence
10%
Hinteregg
10%
Hinwil
10%
Hochfelden
10%
Hohtenn
10%
Horgenberg
10%
Hornussen
10%
Hünenberg
10%
Hurden
10%
Huttwil
10%
Ibach
10%
Innerthal
10%
Isenthal
10%
Jassbach
10%
Kappelen
10%
Kerns
10%
Kerzers
10%
Kiental
10%
Klosters Platz
10%
Koblenz
10%
Kradolf
10%
Kyburg
10%
La Cure
10%
La Neuveville
10%
Langendorf
10%
Langrickenbach
10%
La Punt Chamues-ch
10%
Latterbach
10%
Lauenen b. Gstaad
10%
Läufelfingen
10%
Lax
10%
Le Grand-Saconnex
10%
Leibstadt
10%
Lenggenwil
10%
Les Brenets
10%
Les Diablerets
10%
Lienz
10%
Lommis
10%
Lommiswil
10%
Luchsingen
10%
Lustmühle
10%
Lütisburg
10%
Magden
10%
Mägenwil
10%
Magglingen/Macolin
10%
Marly
10%
Marthalen
10%
Mase
10%
Mauer
10%
Meisterschwanden
10%
Melano
10%
Mellikon
10%
Mitlödi
10%
Mollis
10%
Monte
10%
Moos
10%
Morcote
10%
Morges
10%
Möriken AG
10%
Morschach
10%
Mörschwil
10%
Moudon
10%
Münchenstein
10%
Münster VS
10%
Müntschemier
10%
Näfels
10%
Neudorf
10%
Nidfurn
10%
Niederglatt ZH
10%
Niedergösgen
10%
Niederhelfenschwil
10%
Niedermuhlern
10%
Niederteufen
10%
Niederuzwil
10%
Nufenen
10%
Nuglar
10%
Nürensdorf
10%
Oberarth
10%
Oberegg
10%
Oberengstringen
10%
Oberglatt ZH
10%
Obergösgen
10%
Oberhelfenschwil
10%
Oberiberg
10%
Oberrohrdorf
10%
Obfelden
10%
Oetwil am See
10%
Oetwil an der Limmat
10%
Ollon VD
10%
Ollon VS
10%
Onex
10%
Orselina
10%
Otelfingen
10%
Ottikon b. Kemptthal
10%
Ottikon (Gossau ZH)
10%
Passugg
10%
Pfäfers
10%
Pfungen
10%
Plaffeien
10%
Plons
10%
Puidoux
10%
Raat
10%
Regensberg
10%
Reute AR
10%
Rheinau
10%
Richterswil
10%
Ringlikon
10%
Romoos
10%
Rorschacherberg
10%
Rossa
10%
Rothenburg
10%
Rougemont
10%
Roveredo GR
10%
Roveredo TI
10%
Rüegsau
10%
Russin
10%
Savognin
10%
S. Bernardino
10%
Schenkon
10%
Schleitheim
10%
Schluein
10%
Schöfflisdorf
10%
Schönberg
10%
Schönenbuch
10%
Schönengrund
10%
Schüpfen
10%
Schüpfheim
10%
Schwändi b. Schwanden
10%
Schwellbrunn
10%
Schwende
10%
Schwerzenbach
10%
Seebach
10%
Seen
10%
Seewis Dorf
10%
Seuzach
10%
Sevelen
10%
Silvaplana
10%
Sisseln AG
10%
Speicherschwendi
10%
Spiringen
10%
St-Cergue
10%
Ste-Croix
10%
St. Josefen
10%
St-Martin FR
10%
St-Martin VS
10%
St. Pantaleon
10%
St. Peterzell
10%
Subingen
10%
Sugiez
10%
Sumvitg
10%
Tablat
10%
Tägertschi
10%
Tägerwilen
10%
Tamins
10%
Thierachern
10%
Thônex
10%
Tramelan
10%
Trimmis
10%
Trin
10%
Trübbach
10%
Turbenthal
10%
Turgi
10%
Uebeschi
10%
Uetikon am See
10%
Untereggen
10%
Unterengstringen
10%
Unteriberg
10%
Urmein
10%
Valens
10%
Vira
10%
Vira (Gambarogno)
10%
Vorderthal
10%
Waldenburg
10%
Waldstatt
10%
Walenstadtberg
10%
Waltensburg/Vuorz
10%
Wasen im Emmental
10%
Wattenwil
10%
Werdenberg
10%
Wiesendangen
10%
Wilderswil
10%
Willisau
10%
Winterberg ZH
10%
Wollerau
10%
Wollishofen
10%
Zell LU
10%
Zell ZH
10%
Zimmerwald
10%
Zizers
10%
Zollikofen
10%
Zuchwil
10%
Zumikon
10%
Zuzgen
10%
Zuzwil BE
10%
Zuzwil SG
10%
Adetswil
5%
Adliswil
5%
Aeschiried
5%
Affeltrangen
5%
Agarn
5%
Altendorf
5%
Altikon
5%
Altnau
5%
Altwis
5%
Amlikon
5%
Ammerzwil BE
5%
Andeer
5%
Apples
5%
Arch
5%
Ardez
5%
Argnou (Ayent)
5%
Arolla
5%
Arvigo
5%
Attikon
5%
Attinghausen
5%
Ausserberg
5%
Auw
5%
Avry-devant-Pont
5%
Avry-sur-Matran
5%
Bachs
5%
Baldegg
5%
Ballwil
5%
Baltenswil
5%
Baltschieder
5%
Bärau
5%
Bäretswil
5%
Bätterkinden
5%
Bättwil
5%
Bauen
5%
Bavois
5%
Beckenried
5%
Beinwil am See
5%
Beinwil (Freiamt)
5%
Bennau
5%
Benzenschwil
5%
Berikon
5%
Bettmeralp
5%
Bevaix
5%
Bever
5%
Biberist
5%
Bichelsee
5%
Birmensdorf ZH
5%
Blankenburg
5%
Blauen
5%
Bleien
5%
Bleienbach
5%
Bleiken b. Oberdiessbach
5%
Boll
5%
Bollingen
5%
Bonfol
5%
Boningen
5%
Bonstetten
5%
Boswil
5%
Botyre (Ayent)
5%
Boudry
5%
Brail
5%
Bratsch
5%
Braunau
5%
Breite
5%
Brienz BE
5%
Brislach
5%
Brüttelen
5%
Buchrain
5%
Bühler
5%
Bünzen
5%
Buttes
5%
Cama
5%
Carasso
5%
Castasegna
5%
Caux
5%
Cevio
5%
Châbles FR
5%
Chancy
5%
Châtel-St-Denis
5%
Châtel-sur-Montsalvens
5%
Chexbres
5%
Chippis
5%
Choëx
5%
Churwalden
5%
Cinuos-chel
5%
Clarmont
5%
Coppet
5%
Cormondrèche
5%
Cottens FR
5%
Cottens VD
5%
Cresciano
5%
Cugy FR
5%
Cugy VD
5%
Cureglia
5%
Dachsen
5%
Dägerlen
5%
Dällikon
5%
Däniken SO
5%
Dänikon ZH
5%
Densbüren
5%
Dierikon
5%
Dieterswil
5%
Dinhard
5%
Dittingen
5%
Domdidier
5%
Dompierre FR
5%
Dompierre VD
5%
Dörflingen
5%
Döttingen
5%
Düdingen
5%
Duggingen
5%
Dürnten
5%
Dürrenäsch
5%
Dussnang
5%
Eggerberg
5%
Eggiwil
5%
Egnach
5%
Elsau
5%
Emdthal
5%
Emmenmatt
5%
Endingen
5%
Ennetbaden
5%
Ennetmoos
5%
Entlebuch
5%
Epalinges
5%
Eptingen
5%
Erlach
5%
Ermensee
5%
Ernen
5%
Ersigen
5%
Eschlikon TG
5%
Eschlikon ZH
5%
Ettingen
5%
Euthal
5%
Ey
5%
Fahrweid
5%
Fahy
5%
Faoug
5%
Filet
5%
Finsterhennen
5%
Fischenthal
5%
Fislisbach
5%
Flendruz
5%
Fleurier
5%
Flüeli-Ranft
5%
Flühli LU
5%
Flumserberg Bergheim
5%
Flumserberg Portels
5%
Flumserberg Tannenbodenalp
5%
Fraubrunnen
5%
Frauenkappelen
5%
Freienstein
5%
Freienwil
5%
Fuldera
5%
Gächlingen
5%
Galgenen
5%
Gampelen
5%
Gams
5%
Gansingen
5%
Gelfingen
5%
Gempen
5%
Genthod
5%
Geroldswil
5%
Gerzensee
5%
Gibswil
5%
Gingins
5%
Gipf-Oberfrick
5%
Giswil
5%
Givisiez
5%
Glion
5%
Glovelier
5%
Goldingen
5%
Goldswil b. Interlaken
5%
Gordola
5%
Graben
5%
Grächen
5%
Grasswil
5%
Greppen
5%
Grimentz
5%
Grimisuat
5%
Grimmialp
5%
Grono
5%
Grosshöchstetten
5%
Grub AR
5%
Grub SG
5%
Grünen
5%
Grüningen
5%
Grüt (Gossau ZH)
5%
Guarda
5%
Gümmenen
5%
Gündlischwand
5%
Gurbrü
5%
Gurtnellen
5%
Guttet
5%
Habsburg
5%
Häggenschwil
5%
Halden
5%
Hallau
5%
Hämikon
5%
Hard
5%
Härkingen
5%
Hauenstein
5%
Hedingen
5%
Henniez
5%
Herrenschwanden
5%
Hildisrieden
5%
Hinterkappelen
5%
Hitzkirch
5%
Höchstetten
5%
Hochwald
5%
Hohentannen
5%
Holz
5%
Homberg b. Thun
5%
Homburg
5%
Hondrich
5%
Horriwil
5%
Hüntwangen
5%
Hunzenschwil
5%
Hütten
5%
Hüttikon
5%
Innerberg
5%
Innereriz
5%
Inwil
5%
Islisberg
5%
Isone
5%
Itschnach
5%
Jenaz
5%
Jonen
5%
Kehlhof
5%
Kehrsiten
5%
Kempten
5%
Kernenried
5%
Kilchberg BL
5%
Kilchberg ZH
5%
Kindhausen
5%
Kirchleerau
5%
Kirchlindach
5%
Kleinlützel
5%
Klingnau
5%
Knonau
5%
Kriegstetten
5%
Kümmertshausen
5%
La Brévine
5%
La Croix (Lutry)
5%
La Heutte
5%
Lalden
5%
Langwies
5%
La Plaine
5%
La Roche FR
5%
La Sarraz
5%
La Tour-de-Peilz
5%
La Tour VS
5%
Laupersdorf
5%
Le Day
5%
Leimbach
5%
Leimbach AG
5%
Leimbach TG
5%
Le Landeron
5%
Le Lieu
5%
Le Mont-sur-Lausanne
5%
Lens
5%
Le Pont
5%
Le Prese
5%
Les Avants
5%
Les Enfers
5%
Le Sépey
5%
Les Ponts-de-Martel
5%
Leuggelbach
5%
Liebewil
5%
Lieli LU
5%
Liesberg Dorf
5%
L'Isle
5%
Lohn-Ammannsegg
5%
Lohn GR
5%
Lohn SH
5%
Lupfig
5%
Lutry
5%
Lütschental
5%
Madulain
5%
Magliaso
5%
Mamishaus
5%
Mammern
5%
Mariastein
5%
Maroggia
5%
Märwil
5%
Maschwanden
5%
Masein
5%
Mathon
5%
Matran
5%
Mattstetten
5%
Meierskappel
5%
Melchnau
5%
Menzingen
5%
Messen
5%
Mett
5%
Mettmenstetten
5%
Metzerlen
5%
Miex
5%
Mogelsberg
5%
Mönchaltorf
5%
Montana
5%
Monte Carasso
5%
Montfaucon
5%
Moosseedorf
5%
Mörel
5%
Morgarten
5%
Morgins
5%
Mosen
5%
Mühleberg
5%
Mühledorf BE
5%
Mühledorf SO
5%
Mühlethurnen
5%
Mümliswil
5%
Muralto
5%
Nänikon
5%
Nax
5%
Necker
5%
Neerach
5%
Neftenbach
5%
Netstal
5%
Neuenhof
5%
Neuenkirch
5%
Neuheim
5%
Nidau
5%
Niederdorf
5%
Nods
5%
Nunningen
5%
Nuolen
5%
Nussbaumen AG
5%
Nussbaumen TG
5%
Oberbalm
5%
Oberdorf
5%
Oberdorf BL
5%
Oberdorf NW
5%
Oberdorf SO
5%
Oberdürnten
5%
Oberembrach
5%
Oberems
5%
Oberentfelden
5%
Obergesteln
5%
Oberkirch LU
5%
Oberlunkhofen
5%
Obermumpf
5%
Oberrüti
5%
Oberuzwil
5%
Olivone
5%
Oron-la-Ville
5%
Osogna
5%
Ostermundigen
5%
Othmarsingen
5%
Ottenbach
5%
Ottoberg
5%
Ovronnaz
5%
Parpan
5%
Péry
5%
Petit-Lancy
5%
Pfaffhausen
5%
Pfeffingen
5%
Pfyn
5%
Pieterlen
5%
Port
5%
Praden
5%
Prato (Leventina)
5%
Präz
5%
Praz (Vully)
5%
Rain
5%
Ramosch
5%
Ramsei
5%
Räterschen
5%
Rebstein
5%
Reichenburg
5%
Reiden
5%
Reuenthal
5%
Riddes
5%
Riedbach
5%
Riederalp
5%
Riedikon
5%
Riet
5%
Riet (Neftenbach)
5%
Rifferswil
5%
Rikon im Tösstal
5%
Ringoldswil
5%
Rivaz
5%
Roche VD
5%
Roggenburg
5%
Rohr
5%
Rohr b. Olten
5%
Ronco sopra Ascona
5%
Root
5%
Röschenz
5%
Rüdlingen
5%
Rudolfstetten
5%
Rüegsauschachen
5%
Rümikon AG
5%
Rümligen
5%
Russikon
5%
Ruswil
5%
Rüttenen
5%
Saas-Balen
5%
Safien Platz
5%
Saignelégier
5%
S. Antonino
5%
S. Antonio
5%
S. Antonio (Val Morobbia)
5%
Savièse
5%
Saxon
5%
Schafhausen im Emmental
5%
S-chanf
5%
Scharans
5%
Scharnachtal
5%
Schiers
5%
Schleinikon
5%
Schlosswil
5%
Schöftland
5%
Schongau
5%
Schübelbach
5%
Schupfart
5%
Schwarzenegg
5%
Schwarzsee
5%
Seeberg
5%
Seeburg
5%
Seengen
5%
Sellenbüren
5%
Sennhof (Winterthur)
5%
Seon
5%
Siblingen
5%
Siebnen
5%
Signau
5%
Silenen
5%
Sils im Domleschg
5%
Sils/Segl Baselgia
5%
Sils/Segl Maria
5%
Sins
5%
Sitterdorf
5%
Soglio
5%
Sool
5%
Sottens
5%
Stabio
5%
Stadel b. Niederglatt
5%
Stadel (Winterthur)
5%
Staldenried
5%
Sta. Maria Val Müstair
5%
St-Blaise
5%
Stechelberg
5%
Steckborn
5%
Steinerberg
5%
St. Erhard
5%
Sternenberg
5%
Stetten AG
5%
Stetten SH
5%
St. Gallenkappel
5%
St. Margarethen TG
5%
St. Niklausen LU
5%
St. Niklausen OW
5%
Stoos SZ
5%
St-Sulpice NE
5%
St-Sulpice VD
5%
Studen BE
5%
Studen SZ
5%
St. Urban
5%
Suen (St-Martin)
5%
Sundlauenen
5%
S. Vittore
5%
Tagelswangen
5%
Tannberg
5%
Tavanasa
5%
Tecknau
5%
Tenniken
5%
Thayngen
5%
Therwil
5%
Thierrens
5%
Tinizong
5%
Tolochenaz
5%
Trachselwald
5%
Trachslau
5%
Trasadingen
5%
Treiten
5%
Triengen
5%
Trimbach
5%
Trimstein
5%
Tschiertschen
5%
Tschierv
5%
Tschingel ob Gunten
5%
Tschlin
5%
Tuggen
5%
Udligenswil
5%
Ueberstorf
5%
Uerikon
5%
Uettligen
5%
Uhwiesen
5%
Ulrichen
5%
Unterbach BE
5%
Unterbäch VS
5%
Unterentfelden
5%
Unterlunkhofen
5%
Unterterzen
5%
Ursenbach
5%
Urswil
5%
Valchava
5%
Vernier
5%
Verscio
5%
Vex
5%
Vezia
5%
Vezio
5%
Vicosoprano
5%
Villmergen
5%
Vnà
5%
Volken
5%
Wabern
5%
Walchwil
5%
Wäldi
5%
Waldkirch
5%
Waltikon
5%
Wangs
5%
Wasterkingen
5%
Wauwil
5%
Weiningen TG
5%
Weiningen ZH
5%
Weissenbach
5%
Weisslingen
5%
Wettswil
5%
Wetzwil
5%
Widen
5%
Widnau
5%
Wigoltingen
5%
Wileroltigen
5%
Willerzell
5%
Winden
5%
Witikon
5%
Witterswil
5%
Wolfhausen
5%
Wülflingen
5%
Würenlingen
5%
Wynau
5%
Wynigen
5%
Zauggenried
5%
Zäziwil
5%
Zihlschlacht
5%
Zillis
5%
Zinal
5%
Zollbrück
5%
Zollikerberg
5%
Zuckenriet
5%
Zunzgen
5%
Zweidlen
5%
Zwingen
5%
Aathal-Seegräben
0%
Aclens
0%
Acletta
0%
Aedermannsdorf
0%
Aefligen
0%
Aegerten
0%
Aeschau
0%
Aetigkofen
0%
Aetingen
0%
Aettenschwil
0%
Aeugstertal
0%
Aeujer
0%
Affeier
0%
Agarone
0%
Agiez
0%
Agra
0%
Agriswil
0%
Aire-la-Ville
0%
Alberswil
0%
Albeuve
0%
Albinen
0%
Albligen
0%
Alchenflüh
0%
Alchenstorf
0%
Algetshausen
0%
Alikon
0%
Allenlüften
0%
Allens
0%
Allenwinden
0%
Alliswil
0%
Almens
0%
Alosen
0%
Alpthal
0%
Altavilla
0%
Altbüron
0%
Alterschwil
0%
Alterswilen
0%
Alterswil FR
0%
Althäusern
0%
Altishausen
0%
Altishofen
0%
Altreu
0%
Alvaschein
0%
Aminona
0%
Ammerswil AG
0%
Andhausen
0%
Anetswil
0%
Anglikon
0%
Anières
0%
Antagnes
0%
Anwil
0%
Anzère
0%
Anzonico
0%
Appenzell Eggerstanden
0%
Appenzell Meistersrüte
0%
Appenzell Schlatt
0%
Appenzell Steinegg
0%
Aproz (Nendaz)
0%
Aquila
0%
Aranno
0%
Arbaz
0%
Arboldswil
0%
Arcegno
0%
Arconciel
0%
Ardon
0%
Arisdorf
0%
Aristau
0%
Arnegg
0%
Arnex-sur-Nyon
0%
Arnex-sur-Orbe
0%
Arnisäge
0%
Arogno
0%
Arosio
0%
Arrissoules
0%
Arruffens
0%
Arvenbüel
0%
Arveyes
0%
Arzier
0%
Arzo
0%
Ascharina
0%
Asp
0%
Assens
0%
Astano
0%
Asuel
0%
Attalens
0%
Attelwil
0%
Attiswil
0%
Aubonne
0%
Auboranges
0%
Auenstein
0%
Augio
0%
Äugstisriet
0%
Augwil
0%
Aumont
0%
Auressio
0%
Aurigeno
0%
Auslikon
0%
Äussere Altmatt
0%
Auswil
0%
Autavaux
0%
Autigny
0%
Auvernier
0%
Avegno
0%
Avully
0%
Avusy
0%
Ayer
0%
Azmoos
0%
Bächli (Hemberg)
0%
Bad Lostorf
0%
Baggwil
0%
Baldingen
0%
Balerna
0%
Ballaigues
0%
Ballens
0%
Balm
0%
Balm b. Günsberg
0%
Balm b. Messen
0%
Balterswil
0%
Banco
0%
Bangerten b. Dieterswil
0%
Bannwil
0%
Barbengo
0%
Barberêche
0%
Bardonnex
0%
Bärenburg
0%
Bargen BE
0%
Bargen SH
0%
Bärschwil
0%
Barzheim
0%
Basadingen
0%
Bassecourt
0%
Basse-Nendaz
0%
Bassins
0%
Baulmes
0%
Bazenheid
0%
Bedano
0%
Bedigliora
0%
Beggingen
0%
Begnins
0%
Belfaux
0%
Bellelay
0%
Bellerive VD
0%
Bellevue
0%
Bellikon
0%
Bellmund
0%
Bellwald
0%
Belmont-sur-Lausanne
0%
Belmont-sur-Yverdon
0%
Belprahon
0%
Bennwil
0%
Bercher
0%
Beringen
0%
Berlens
0%
Berlincourt
0%
Berlingen
0%
Berneck
0%
Bernex
0%
Bernhardzell
0%
Berolle
0%
Berschis
0%
Bertiswil
0%
Bertschikon
0%
Bertschikon (Gossau ZH)
0%
Berzona
0%
Besazio
0%
Besenbüren
0%
Besencens
0%
Bettenhausen
0%
Bettens
0%
Bettswil
0%
Bettwiesen
0%
Bettwil
0%
Beurnevésin
0%
Beuson (Nendaz)
0%
Bévilard
0%
Biberen
0%
Bibern SH
0%
Bibern SO
0%
Biberstein
0%
Bichwil
0%
Bidogno
0%
Biembach im Emmental
0%
Biessenhofen
0%
Biezwil
0%
Bigenthal
0%
Biglen
0%
Bignasco
0%
Billens
0%
Bilten
0%
Binzikon
0%
Bioggio
0%
Biogno
0%
Bioley-Magnoux
0%
Bioley-Orjulaz
0%
Birchli
0%
Birchwil
0%
Birgisch
0%
Birmenstorf AG
0%
Bironico
0%
Birr
0%
Birrhard
0%
Birri
0%
Birrwil
0%
Birwinken
0%
Bisikon
0%
Bissegg
0%
Bissone
0%
Bittwil
0%
Bivio
0%
Bleuen
0%
Blickensdorf
0%
Blitzingen
0%
Blonay
0%
Böbikon
0%
Böckten
0%
Boécourt
0%
Bofflens
0%
Bogis
0%
Bogno
0%
Bôle
0%
Bolken
0%
Bolligen
0%
Bollion
0%
Bollodingen
0%
Boltshausen
0%
Bonau
0%
Boncourt
0%
Boniswil
0%
Bonnefontaine
0%
Bonvillars
0%
Borex
0%
Borgonovo
0%
Bosco Luganese
0%
Bösingen
0%
Bossonnens
0%
Bossy
0%
Bottens
0%
Bottenwil
0%
Botterens
0%
Bottighofen
0%
Böttstein
0%
Boudevilliers
0%
Boujean
0%
Boulens
0%
Bouloz
0%
Bourdigny-Dessous
0%
Bourg-St-Pierre
0%
Bourguillon
0%
Bournens
0%
Bourrignon
0%
Boussens
0%
Bouveret
0%
Boveresse
0%
Bovernier
0%
Bowil
0%
Bözen
0%
Bramberg
0%
Brambrüesch
0%
Bramois
0%
Branson
0%
Breganzona
0%
Breitenbach
0%
Bremblens
0%
Brenles
0%
Breno
0%
Brent
0%
Brenzikofen
0%
Bressaucourt
0%
Bretigny-sur-Morrens
0%
Bretonnières
0%
Bretzwil
0%
Brignon (Nendaz)
0%
Brione sopra Minusio
0%
Brione (Verzasca)
0%
Briseck
0%
Bristen
0%
Brittern
0%
Brittnau
0%
Broglio
0%
Bronschhofen
0%
Brontallo
0%
Brot-Dessus
0%
Brüggelbach
0%
Brügglen
0%
Brunegg
0%
Brünisried
0%
Brunnadern
0%
Brunnenthal
0%
Brunnwil
0%
Brusata
0%
Brusino Arsizio
0%
Bruson
0%
Bruzella
0%
Bubendorf
0%
Büblikon
0%
Buchackern
0%
Büchel
0%
Buchillon
0%
Büchslen
0%
Buckten
0%
Büetigen
0%
Bugnaux
0%
Buholz
0%
Buhwil
0%
Buix
0%
Bullet
0%
Bumbach
0%
Bundkofen
0%
Bundtels
0%
Bunschen
0%
Buonas
0%
Bürchen
0%
Burgäschi
0%
Bürgenstock
0%
Burglauenen
0%
Buriet
0%
Büriswilen
0%
Büron
0%
Bursinel
0%
Bursins
0%
Burtigny
0%
Büsserach
0%
Busslingen
0%
Busswil
0%
Busswil BE
0%
Busswil b. Melchnau
0%
Busswil TG
0%
Bütikofen
0%
Büttenhardt
0%
Buttenried
0%
Büttikon AG
0%
Buttikon SZ
0%
Buttisholz
0%
Buttwil
0%
Bützberg
0%
Buus
0%
Cabbio
0%
Cabbiolo
0%
Cademario
0%
Cadempino
0%
Cadro
0%
Cagiallo
0%
Calfreisen
0%
Camignolo
0%
Camischolas
0%
Camorino
0%
Campascio
0%
Campo (Blenio)
0%
Campocologno
0%
Caneggio
0%
Canobbio
0%
Capolago
0%
Carabbia
0%
Carabietta
0%
Carena
0%
Carona
0%
Cartigny
0%
Casaccia
0%
Casima
0%
Caslano
0%
Castagnola
0%
Castaneda
0%
Castelrotto
0%
Castel San Pietro
0%
Castiel
0%
Castrisch
0%
Castro
0%
Cavagnago
0%
Cavergno
0%
Caviano
0%
Cavigliano
0%
Cazis
0%
Cerniat FR
0%
Cerniaz VD
0%
Cernier
0%
Certara
0%
Certoux
0%
Chabrey
0%
Chailly
0%
Chailly-Montreux
0%
Chalais
0%
Chalet-à-Gobet
0%
Chambésy
0%
Chamblon
0%
Chambrelien
0%
Chamoille (Sembrancher)
0%
Chamoson
0%
Champagne
0%
Champex-Lac
0%
Champfèr
0%
Champlan (Grimisuat)
0%
Champmartin
0%
Champoz
0%
Champsec
0%
Champtauroz
0%
Champvent
0%
Chandolin
0%
Chandonne (Liddes)
0%
Chanéaz
0%
Chapelle (Glâne)
0%
Chapelle-sur-Moudon
0%
Chardonne
0%
Charmey (Gruyère)
0%
Charmoille
0%
Charrat
0%
Châtaignier
0%
Châtillens
0%
Châtillon FR
0%
Châtillon JU
0%
Châtonnaye
0%
Chavannes-de-Bogis
0%
Chavannes-des-Bois
0%
Chavannes-le-Chêne
0%
Chavannes-les-Forts
0%
Chavannes-le-Veyron
0%
Chavannes-près-Renens
0%
Chavannes-sous-Orsonnens
0%
Chavannes-sur-Moudon
0%
Chavornay
0%
Cheiry
0%
Chemin-Dessus
0%
Chêne-Bougeries
0%
Chêne-Bourg
0%
Chénens
0%
Chêne-Pâquier
0%
Chermignon
0%
Chermignon-d'en-Bas
0%
Chernex
0%
Chesalles-sur-Moudon
0%
Chesalles-sur-Oron
0%
Cheseaux-Noréaz
0%
Cheseaux-sur-Lausanne
0%
Chéserex
0%
Chesières
0%
Chésopelloz
0%
Chessel
0%
Chevenez
0%
Chevilly
0%
Chevrens
0%
Cheyres
0%
Chézard-St-Martin
0%
Chez Grosjean
0%
Chez-le-Bart
0%
Chiggiogna
0%
Chigny
0%
Chironico
0%
Choulex
0%
Choully
0%
Cimadera
0%
Cimo
0%
Clarens
0%
Claro
0%
Clèbes (Nendaz)
0%
Coeuve
0%
Coffrane
0%
Coglio
0%
Coinsins
0%
Coldrerio
0%
Colla
0%
Collex
0%
Collombey
0%
Collonge-Bellerive
0%
Collonges
0%
Cologna
0%
Cologny
0%
Comano
0%
Combremont-le-Grand
0%
Combremont-le-Petit
0%
Commugny
0%
Comprovasco
0%
Concise
0%
Condémines (Nendaz)
0%
Confignon
0%
Constantine
0%
Conters im Prättigau
0%
Contone
0%
Corban
0%
Corbeyrier
0%
Corbières
0%
Corcapolo
0%
Corcelettes
0%
Corcelles BE
0%
Corcelles-le-Jorat
0%
Corcelles NE
0%
Corcelles-près-Concise
0%
Corcelles-près-Payerne
0%
Corcelles-sur-Chavornay
0%
Cordast
0%
Corgémont
0%
Corin-de-la-Crête
0%
Corjolens
0%
Cormagens
0%
Cormérod
0%
Corminboeuf
0%
Cormoret
0%
Cornaux NE
0%
Cornol
0%
Corpataux
0%
Correvon
0%
Corsalettes
0%
Corseaux
0%
Corserey
0%
Corsier GE
0%
Corsier-sur-Vevey
0%
Cortaillod
0%
Cortébert
0%
Corticiasca
0%
Corzoneso
0%
Cossonay-Ville
0%
Courcelon
0%
Courchapoix
0%
Courchavon
0%
Courfaivre
0%
Courgenay
0%
Courgevaux
0%
Courlevon
0%
Cournillens
0%
Courrendlin
0%
Courroux
0%
Courtaman
0%
Courtedoux
0%
Courtemaîche
0%
Courtemautruy
0%
Courtepin
0%
Courtételle
0%
Courtion
0%
Cousset
0%
Coussiberlé
0%
Couvet
0%
Crassier
0%
Crebelley
0%
Crémines
0%
Cressier FR
0%
Cressier NE
0%
Crésuz
0%
Crêt
0%
Cronay
0%
Croy
0%
Cuarnens
0%
Cuarny
0%
Cudrefin
0%
Cugnasco
0%
Cumbel
0%
Cunter
0%
Curaglia
0%
Cureggia
0%
Curio
0%
Curtilles
0%
Dachlissen
0%
Daillens
0%
Daillet
0%
Daillon
0%
Daiwil
0%
Dalpe
0%
Damphreux
0%
Damvant
0%
Dangio
0%
Danis
0%
Dardagny
0%
Dardin
0%
Daro
0%
Dättlikon
0%
Dättwil AG
0%
Dätwil
0%
Davesco-Soragno
0%
Davos Clavadel
0%
Davos Frauenkirch
0%
Davos Glaris
0%
Davos Monstein
0%
Davos Wolfgang
0%
Degen
0%
Deisswil b. Münchenbuchsee
0%
Deitingen
0%
Delley
0%
Démoret
0%
Denens
0%
Denezy
0%
Denges
0%
Detligen
0%
Dettighofen
0%
Dettighofen (Lengwil)
0%
Develier
0%
Dickbuch
0%
Diegten
0%
Diemerswil
0%
Diepflingen
0%
Dietingen
0%
Dietisberg
0%
Dietschwil
0%
Dietwil
0%
Digg
0%
Dino
0%
Dintikon
0%
Disla
0%
Dizy
0%
Dombresson
0%
Dommartin
0%
Donat
0%
Donatyre
0%
Dongio
0%
Donneloye
0%
Donzhausen
0%
Doppleschwand
0%
Dorénaz
0%
Dotnacht
0%
Dottikon
0%
Dotzigen
0%
Dozwil
0%
Dranse (Liddes)
0%
Dreien
0%
Drône
0%
Duillier
0%
Dully
0%
Dürrenroth
0%
Dürstelen
0%
Duvin
0%
Ebersecken
0%
Ebersol
0%
Ebertswil
0%
Ebnet
0%
Echandens
0%
Echarlens
0%
Echichens
0%
Eclagnens
0%
Eclépens
0%
Ecogia
0%
Ecoteaux
0%
Ecuvillens
0%
Ederswiler
0%
Edisried
0%
Edlibach
0%
Effingen
0%
Eggberge
0%
Eggenwil
0%
Egliswil
0%
Egolzwil
0%
Ehrendingen
0%
Ehrikon
0%
Eichberg
0%
Eidberg
0%
Eigenthal
0%
Eischoll
0%
Eison (St-Martin)
0%
Eisten
0%
Elfingen
0%
Ellighausen
0%
Enges
0%
Enggistein
0%
Engishofen
0%
Englisberg
0%
Engollon
0%
Engwang
0%
Engwilen
0%
Ennetaach
0%
Ennetbühl
0%
Ennetbühls
0%
Enney
0%
Entschwil
0%
Epagny
0%
Epautheyres
0%
Epauvillers
0%
Ependes FR
0%
Ependes VD
0%
Epesses
0%
Epinassey
0%
Eplatures-Crêt du Locle
0%
Eppenberg
0%
Epsach
0%
Erde
0%
Erdesson
0%
Ergisch
0%
Eriswil
0%
Erlinsbach
0%
Erlinsbach SO
0%
Ermatingen
0%
Ermenswil
0%
Ernetschwil
0%
Erschmatt
0%
Erschwil
0%
Erste Altmatt
0%
Eschenmosen
0%
Eschert
0%
Eschi
0%
Eschikofen
0%
Esmonts
0%
Essertes
0%
Essert FR
0%
Essertines-sur-Rolle
0%
Essertines-sur-Yverdon
0%
Essert-Pittet
0%
Essert-sous-Champvent
0%
Estavannens
0%
Estévenens Dessous
0%
Etagnières
0%
Etoy
0%
Ettenhausen
0%
Ettenhausen TG
0%
Ettiswil
0%
Etzelkofen
0%
Etzelwil
0%
Etzgen
0%
Etziken
0%
Etzwilen
0%
Euseigne
0%
Evilard
0%
Evionnaz
0%
Ewil
0%
Eyholz
0%
Eysins
0%
Eywald
0%
Fahrni b. Thun
0%
Fahrwangen
0%
Fajauna
0%
Falera
0%
Faltschen
0%
Fanas
0%
Fankhaus (Trub)
0%
Farnbüel
0%
Farnern
0%
Farvagny-le-Grand
0%
Farvagny-le-Petit
0%
Féchy
0%
Fehraltorf
0%
Fehren
0%
Felben-Wellhausen
0%
Feldbrunnen
0%
Feldis/Veulden
0%
Felsberg
0%
Felsenau
0%
Fenalet-sur-Bex
0%
Fendringen
0%
Fenin
0%
Fenkrieden
0%
Ferenbalm
0%
Ferlens VD
0%
Ferpicloz
0%
Ferren
0%
Ferreyres
0%
Fescoggia
0%
Fétigny
0%
Feuerthalen
0%
Feutersoey
0%
Fey
0%
Fey (Nendaz)
0%
Fiaugères
0%
Fidaz
0%
Fieschertal
0%
Fiez
0%
Figino
0%
Filzbach
0%
Finhaut
0%
Finstersee
0%
Finsterwald b. Entlebuch
0%
Fischbach-Göslikon
0%
Fischbach LU
0%
Fisibach
0%
Flanthey
0%
Flims Waldhaus
0%
Flond
0%
Flumenthal
0%
Flurlingen
0%
Font
0%
Fontainemelon
0%
Fontaines NE
0%
Fontaines-sur-Grandson
0%
Fontenais
0%
Forel FR
0%
Forel (Lavaux)
0%
Forel-sur-Lucens
0%
Founex
0%
Franex
0%
Fräschels
0%
Frasco
0%
Frasses
0%
Frauchwil
0%
Fregiécourt
0%
Freidorf TG
0%
Freimettigen
0%
Frenières-sur-Bex
0%
Frenkendorf
0%
Fresens
0%
Freudwil
0%
Friedlisberg
0%
Frienisberg
0%
Frieswil
0%
Friltschen
0%
Frinvillier
0%
Froideville
0%
Fruence
0%
Frümsen
0%
Fruthwilen
0%
Fulenbach
0%
Füllinsdorf
0%
Furi
0%
Fürigen
0%
Furna
0%
Fürstenau
0%
Fürstenaubruck
0%
Furt
0%
Fuyens
0%
Gächliwil
0%
Gachnang
0%
Gähwil
0%
Gaicht
0%
Gallenkirch
0%
Galmiz
0%
Gals
0%
Galten
0%
Galteren
0%
Gammen
0%
Gamsen
0%
Ganterschwil
0%
Gasel
0%
Gasenried
0%
Gasenzen
0%
Gebenstorf
0%
Gebertingen
0%
Geeren
0%
Geiss
0%
Geissholz
0%
Gelterfingen
0%
Geltwil
0%
Gempenach
0%
Genestrerio
0%
Genolier
0%
Gerlikon
0%
Gerlisberg
0%
Gerolfingen
0%
Gerra (Gambarogno)
0%
Gerra (Verzasca)
0%
Geschinen
0%
Gettnau
0%
Geuensee
0%
Giebenach
0%
Giez
0%
Giffers
0%
Gillarens
0%
Gilly
0%
Gimel
0%
Gimmiz
0%
Giornico
0%
Gippingen
0%
Girenbad
0%
Gisikon
0%
Giumaglio
0%
Givrins
0%
Glarisegg
0%
Glashütten
0%
Gletterens
0%
Gluringen
0%
Gnosca
0%
Gohl
0%
Golaten
0%
Golino
0%
Gollion
0%
Gommiswald
0%
Gondiswil
0%
Gontenschwil
0%
Gordevio
0%
Gorduno
0%
Gorgier
0%
Gossens
0%
Gossliwil
0%
Götighofen
0%
Gottlieben
0%
Goumoens-la-Ville
0%
Grabserberg
0%
Grächwil
0%
Grafenried
0%
Graltshausen
0%
Grancia
0%
Grancy
0%
Grand Chaumont
0%
Grandcour
0%
Grandevent
0%
Grandfontaine
0%
Grandsivaz
0%
Grandval
0%
Grandvaux
0%
Grandvillard
0%
Granges-de-Vesin
0%
Granges-Paccot
0%
Granges-près-Marnand
0%
Granges (Veveyse)
0%
Granges VS
0%
Grangettes-près-Romont
0%
Gränichen
0%
Granois
0%
Gräslikon
0%
Grattavache
0%
Gravesano
0%
Grellingen
0%
Greng
0%
Grengiols
0%
Grenilles
0%
Grens
0%
Gressy
0%
Gretschins
0%
Gretzenbach
0%
Grissenberg
0%
Grodey
0%
Grolley
0%
Grône
0%
Grossdietwil
0%
Grossteil
0%
Grosswangen
0%
Grubenwald
0%
Grugnay (Chamoson)
0%
Grünenmatt
0%
Gryon
0%
Gsteigwiler
0%
Gudo
0%
Guinfard
0%
Gumefens
0%
Gündelhart
0%
Gundetswil
0%
Gündisau
0%
Günikon
0%
Günsberg
0%
Guntalingen
0%
Gunterswilen
0%
Guntmadingen
0%
Gunzgen
0%
Gunzwil
0%
Gurmels
0%
Guschelmuth
0%
Gutenburg
0%
Gutenswil
0%
Gütighausen
0%
Güttingen
0%
Gysenstein
0%
Habstetten
0%
Hadlikon
0%
Häfelfingen
0%
Hagenbuch ZH
0%
Hägendorf
0%
Hagendorn
0%
Hagenwil b. Amriswil
0%
Hägglingen
0%
Hagneck
0%
Haldenstein
0%
Haldi b. Schattdorf
0%
Halten
0%
Haltikon
0%
Hämlismatt
0%
Hannebuebes
0%
Happerswil
0%
Hardern
0%
Hasliberg Goldern
0%
Hasliberg Hohfluh
0%
Hasliberg Wasserwendi
0%
Hatswil
0%
Hattenhausen
0%
Hauptikon
0%
Hauptwil
0%
Hausen AG
0%
Häusernmoos im Emmental
0%
Häuslenen
0%
Haute-Nendaz
0%
Hauterive NE
0%
Hauteville
0%
Häutligen
0%
Hefenhofen
0%
Heggidorn
0%
Heidbühl
0%
Heiligkreuz
0%
Heiligkreuz (Mels)
0%
Heimenegg
0%
Heimenhausen
0%
Heimisbach
0%
Heimiswil
0%
Heinrichswil
0%
Heisch
0%
Heitenried
0%
Heitiwil
0%
Heldswil
0%
Helgisried
0%
Hellbühl
0%
Hellikon
0%
Hellsau
0%
Helsighausen
0%
Hemberg
0%
Hemishofen
0%
Hemmental
0%
Hemmiken
0%
Henau
0%
Hendschiken
0%
Hennens
0%
Herbetswil
0%
Herbligen
0%
Herblingen
0%
Herbriggen
0%
Herdern
0%
Hermance
0%
Hermatswil
0%
Hermenches
0%
Hermetschwil-Staffeln
0%
Hermiswil
0%
Hermrigen
0%
Herolfingen
0%
Herrenhof
0%
Hersberg
0%
Herschmettlen
0%
Hersiwil
0%
Hertenstein
0%
Hertenstein AG
0%
Herznach
0%
Hessigkofen
0%
Hettenschwil
0%
Hettiswil b. Hindelbank
0%
Hettlingen
0%
Hilfikon
0%
Himmelried
0%
Hindelbank
0%
Hindere Schwendi
0%
Hinterforst
0%
Hinterfultigen
0%
Hintergoldingen
0%
Hinterrhein
0%
Hinterthal
0%
Hirschensprung
0%
Hirschthal
0%
Hirzel
0%
Hittnau
0%
Hoffeld
0%
Hofstatt
0%
Hohenrain
0%
Hohfirst
0%
Holderbank AG
0%
Holderbank SO
0%
Hölstein
0%
Holzhäusern
0%
Holzhäusern ZG
0%
Holziken
0%
Hölzlisberg
0%
Honau
0%
Horben
0%
Horgenbach
0%
Hörhausen
0%
Hosenruck
0%
Hottwil
0%
Hub
0%
Hübeli
0%
Hubersdorf
0%
Hueb
0%
Huémoz
0%
Hugelshofen
0%
Huggerwald
0%
Humlikon
0%
Hüniken
0%
Hünikon (Neftenbach)
0%
Hunzikon
0%
Hüsere
0%
Hüswil
0%
Hüttlingen
0%
Hüttwilen
0%
Ichertswil
0%
Icogne
0%
Ifenthal
0%
Iffwil
0%
Ifwil
0%
Igis
0%
Illarsaz
0%
Illgau
0%
Illhart
0%
Illighausen
0%
Illiswil
0%
Im Fang
0%
Inden
0%
In den Büelen
0%
Inkwil
0%
Insone
0%
Intschi
0%
Ipsach
0%
Iragna
0%
Iselisberg
0%
Isenfluh
0%
Iseo
0%
Isérables
0%
Islikon
0%
Issert
0%
Istighofen
0%
Itingen
0%
Ittenthal
0%
Itzikon
0%
Jenins
0%
Jens
0%
Jetschwil
0%
Jeuss
0%
Jongny
0%
Jouxtens-Mézery
0%
Jucher
0%
Juriens
0%
Jussy
0%
Kägiswil
0%
Kaisten
0%
Kalchstätten
0%
Kallern
0%
Kallnach
0%
Kaltacker
0%
Kaltbach
0%
Kaltenbach
0%
Kalthäusern
0%
Kanderbrück
0%
Känerkinden
0%
Kefikon TG
0%
Kestenholz
0%
Kienberg
0%
Kienholz
0%
Kirchenthurnen
0%
Kirchhofen
0%
Kirchrued
0%
Klarsreuti
0%
Kleinandelfingen
0%
Kleinbösingen
0%
Kleindietwil
0%
Kleindöttingen
0%
Kleingurmels
0%
Kleinteil
0%
Kleinwangen
0%
Klosters Dorf
0%
Knutwil
0%
Kobelwald
0%
Kollbrunn
0%
Kölliken
0%
Kottwil
0%
Kräiligen
0%
Krauchthal
0%
Kreuzweg
0%
Kriechenwil
0%
Kriessern
0%
Krillberg
0%
Krinau
0%
Kronbühl
0%
Kröschenbrunnen
0%
Krummenau
0%
Küblis
0%
Kulmerau
0%
Küngoldingen
0%
Künten
0%
Küttigen
0%
Küttigkofen
0%
Kyburg-Buchegg
0%
L'Abbaye
0%
L'Abergement
0%
La Capite
0%
La Claie-aux-Moines
0%
La Comballaz
0%
Laconnex
0%
La Corbatière
0%
La Corbaz
0%
La Côte-aux-Fées
0%
La Coudre
0%
Ladir
0%
La Ferrière
0%
La Fontaine
0%
La Forclaz VD
0%
La Forclaz VS
0%
La Fouly VS
0%
La Garde (Sembrancher)
0%
La Joux FR
0%
Lajoux JU
0%
La Magne
0%
La Malcôte
0%
La Mauguettaz
0%
Lamboing
0%
Lamone
0%
La Mothe
0%
Lampenberg
0%
Lamperswil TG
0%
Landikon
0%
Landiswil
0%
Landschlacht
0%
Langenbruck
0%
Längengrund
0%
Langwiesen
0%
Lanterswil
0%
Lanthen
0%
Lanzenhäusern
0%
Lanzenneunforn
0%
La Petite-Grave
0%
La Place (Ayent)
0%
La Praz
0%
Laret
0%
La Reuchenette
0%
La Rippe
0%
La Rogivue
0%
La Russille
0%
La Sage
0%
La Sallaz
0%
La Tine
0%
La Tour-de-Trême
0%
Latsch
0%
Lätti
0%
La Tzintre
0%
La Tzoumaz
0%
L'Auberson
0%
Lauerz
0%
Lauffohr
0%
Lauperswil
0%
Lauwil
0%
La Verrerie
0%
Lavertezzo
0%
Lavey-les-Bains
0%
Lavey-Village
0%
Lavigny
0%
Lavin
0%
Lavorgo
0%
La Vounaise
0%
Le Bémont JU
0%
Le Borgeaud
0%
Le Bourg
0%
Le Bry
0%
Le Cerneux-Péquignot
0%
Le Châble VS
0%
Le Châtel
0%
Le Châtelard-près-Romont
0%
Léchelles
0%
Le Crêt-du-Locle
0%
Le Crêt-près-Semsales
0%
Le Fuet
0%
Leggia
0%
Leimiswil
0%
Le Lignon
0%
Le Mouret
0%
Le Muids
0%
Lengwil
0%
Lentigny
0%
Leontica
0%
Le Pâquier
0%
Le Pâquier NE
0%
Le Prévoux
0%
Le Rosex
0%
Les Agettes
0%
Les Bayards
0%
Les Bioux
0%
Les Bois
0%
Les Breuleux
0%
Les Bulles
0%
Les Charbonnières
0%
Les Clées
0%
Les Collons
0%
Les Crosets
0%
Les Cullayes
0%
Le Séchey
0%
Les Emibois
0%
Le Sentier
0%
Les Evouettes
0%
Les Geneveys-sur-Coffrane
0%
Les Genevez JU
0%
Les Giettes
0%
Les Granges (Salvan)
0%
Les Grattes
0%
Les Haudères
0%
Les Hauts-Geneveys
0%
Les Marécottes
0%
Les Mayens-de-Sion
0%
Les Monts-de-Corsier
0%
Les Morgnes
0%
Les Mosses
0%
Les Moulins
0%
Le Solliat
0%
Les Paccots
0%
Les Plans-sur-Bex
0%
Les Pommerats
0%
Les Posses-sur-Bex
0%
Les Prés-d'Orvin
0%
Les Rasses
0%
Les Reussilles
0%
Les Rosalys
0%
Les Sciernes-d'Albeuve
0%
Lessoc
0%
Les Tavernes
0%
Les Thioleyres
0%
Les Vacheries
0%
Les Valettes (Bovernier)
0%
Les Verrières
0%
Le Tabagnoz
0%
L'Etivaz
0%
Le Trétien
0%
Leuggern
0%
Leutwil
0%
Leuzigen
0%
Le Vaud
0%
Levron
0%
Leytron
0%
Libingen
0%
Li Curt
0%
Liddes
0%
Liebistorf
0%
Liedertswil
0%
Lifelen
0%
Lignerolle
0%
Lignières
0%
Ligornetto
0%
Limpach
0%
Linden
0%
Linn
0%
Lippenrüti
0%
Lipperswil
0%
Lippoldswilen
0%
Lisighaus
0%
Littenheid
0%
Littewil
0%
Litzirüti
0%
Litzistorf
0%
Lobsigen
0%
Loco
0%
Lodano
0%
Lodrino
0%
Löhningen
0%
Lohnstorf
0%
Lömmenschwil
0%
Lonay
0%
Longirod
0%
Lopagno
0%
L'Orient
0%
Lossy
0%
Lostallo
0%
Lostorf
0%
Lotzwil
0%
Lourtier
0%
Lovatens
0%
Lovens
0%
Loveresse
0%
Loye
0%
Lüchingen
0%
Ludiano
0%
Lufingen
0%
Lugaggia
0%
Lugnez
0%
Lugnorre
0%
Luins
0%
Lullier
0%
Lully FR
0%
Lully VD
0%
Lumbrein
0%
Lumino
0%
Lunden
0%
Lupsingen
0%
Lurtigen
0%
Lüscherz
0%
Lusgian
0%
Lussery
0%
Lüsslingen
0%
Lussy FR
0%
Lussy-sur-Morges
0%
Lustdorf
0%
Luterbach
0%
Lüterkofen
0%
Lüterswil
0%
Luthern
0%
Lütisburg Station
0%
Lutzenberg
0%
Luven
0%
Luzein
0%
Mâche
0%
Madetswil
0%
Madiswil
0%
Madrano
0%
Magnedens
0%
Mahren
0%
Mairengo
0%
Maisprach
0%
Maladers
0%
Malans GR
0%
Malans SG
0%
Malapalud
0%
Malix
0%
Malleray
0%
Malters
0%
Malvaglia
0%
Mandach
0%
Mannenbach-Salenstein
0%
Mannens
0%
Manno
0%
Mannried
0%
Maracon
0%
Marchissy
0%
Mariahilf
0%
Marin-Epagnier
0%
Marnand
0%
Marsens
0%
Märstetten
0%
Martherenges
0%
Martigny-Croix
0%
Masans
0%
Maseltrangen
0%
Massagno
0%
Massongex
0%
Massonnens
0%
Mastrils
0%
Mategnin
0%
Mathod
0%
Mattsand
0%
Mattwil
0%
Matzendorf
0%
Matzenried
0%
Matzingen
0%
Mauborget
0%
Mauensee
0%
Maules
0%
Mauraz
0%
Mauren TG
0%
Mauss
0%
Mayens-de-Chamoson
0%
Mayens-de-la-Zour
0%
Mayoux
0%
Mazembroz
0%
Medeglia
0%
Médières
0%
Meienberg
0%
Meienried
0%
Meierhof
0%
Meikirch
0%
Meinier
0%
Meinisberg
0%
Melchtal
0%
Mellingen
0%
Mellstorf
0%
Meltingen
0%
Mengestorf
0%
Ménières
0%
Menzberg
0%
Menznau
0%
Menzonio
0%
Merenschwand
0%
Mergoscia
0%
Meride
0%
Merishausen
0%
Mervelier
0%
Merzligen
0%
Mettau
0%
Mettembert
0%
Mettendorf TG
0%
Mettlen
0%
Mex VD
0%
Mex VS
0%
Meyriez
0%
Mézery-près-Donneloye
0%
Mézières FR
0%
Mézières VD
0%
Mezzovico
0%
Middes
0%
Miécourt
0%
Miège
0%
Mies
0%
Miévillaz
0%
Miglieglia
0%
Mirchel
0%
Misanenga
0%
Misery
0%
Mission
0%
Missy
0%
Mittelhäusern
0%
Mittlere Altmatt
0%
Moghegno
0%
Moiry VD
0%
Moleno
0%
Moléson-sur-Gruyères
0%
Molinazzo
0%
Molinis
0%
Mollens VD
0%
Mollens VS
0%
Mollie-Margot
0%
Molondin
0%
Mols
0%
Monbiel
0%
Mondzeu
0%
Monnaz
0%
Monniaz
0%
Monruz
0%
Montagnier
0%
Montagnola
0%
Montagnon (Leytron)
0%
Montagny-la-Ville
0%
Montagny-les-Monts
0%
Montagny-près-Yverdon
0%
Montalchez
0%
Montaubion-Chardonney
0%
Montavon
0%
Montborget
0%
Montbrelloz
0%
Montcherand
0%
Monteggio
0%
Montenol
0%
Monterschu
0%
Montet
0%
Montet (Broye)
0%
Montet (Glâne)
0%
Montévraz
0%
Mönthal
0%
Montherod
0%
Montheron
0%
Montignez
0%
Montlingen
0%
Montmagny
0%
Montmollin
0%
Montoie - Bourdonette
0%
Montpreveyres
0%
Montricher
0%
Montsevelier
0%
Monzel
0%
Moosaffoltern
0%
Moosleerau
0%
Morbio Inferiore
0%
Morbio Superiore
0%
Mordagne
0%
Morens FR
0%
Mörigen
0%
Morissen
0%
Möriswil
0%
Morlens
0%
Morlon
0%
Mormont
0%
Morrens VD
0%
Mosnang
0%
Mostelberg
0%
Môtiers NE
0%
Môtier (Vully)
0%
Motto (Blenio)
0%
Movelier
0%
Mugena
0%
Muggio
0%
Muhen
0%
Mühlau
0%
Mühlebach (Goms)
0%
Mühlethal
0%
Mühleweg
0%
Mühlrüti
0%
Mülchi
0%
Müllheim Dorf
0%
Mülligen
0%
Mumenthal
0%
Münchenwiler
0%
Münchringen
0%
Münchwilen AG
0%
Münchwilen TG
0%
Mund
0%
Münsterlingen
0%
Muntelier
0%
Muraz (Collombey)
0%
Murgenthal
0%
Muriaux
0%
Murist
0%
Murzelen
0%
Müselbach
0%
Müswangen
0%
Mutrux
0%
Mutschellen
0%
Mutwil
0%
Muzzano
0%
Nant
0%
Nante
0%
Nassen
0%
Nassenwil
0%
Naz
0%
Nebikon
0%
Neggio
0%
Neirivue
0%
Nennigkofen
0%
Nenzlingen
0%
Neschwil
0%
Nesselnbach
0%
Neuägeri
0%
Neubrunn
0%
Neuburg
0%
Neuendorf
0%
Neuenegg
0%
Neukirch an der Thur
0%
Neukirch (Egnach)
0%
Neunkirch
0%
Neuwilen
0%
Neyruz FR
0%
Neyruz-sur-Moudon
0%
Niederbuchsiten
0%
Niedergampel
0%
Niedergesteln
0%
Niederhünigen
0%
Niederlenz
0%
Niedermettlen
0%
Niedermuhren
0%
Niederneunforn
0%
Niederönz
0%
Niederrohrdorf
0%
Niederschongau
0%
Niederstetten
0%
Nierlet-les-Bois
0%
Niouc
0%
Nivo
0%
Nohl
0%
Nonfoux
0%
Norantola
0%
Noréaz
0%
Novaggio
0%
Novalles
0%
Novazzano
0%
Noville
0%
Nunwil
0%
Nusshof
0%
Nuvilly
0%
Obbürgen
0%
Oberaach
0%
Oberbottigen
0%
Oberbözberg
0%
Oberbuchsiten
0%
Oberburg
0%
Oberbussnang
0%
Oberbütschel
0%
Oberebersol
0%
Oberei
0%
Oberflachs
0%
Obergerlafingen
0%
Obergoldbach
0%
Oberhallau
0%
Oberholz
0%
Oberhünigen
0%
Oberkulm
0%
Ober Langenhard
0%
Oberlindach
0%
Obermonten
0%
Obernau
0%
Oberneunforn
0%
Oberohringen
0%
Oberramsern
0%
Oberrickenbach
0%
Oberrindal
0%
Obersays
0%
Oberschan
0%
Oberschlatt
0%
Oberschneit
0%
Oberschönenbuch
0%
Oberschongau
0%
Oberschrot
0%
Oberseglingen
0%
Oberstalden
0%
Oberstammheim
0%
Obersteckholz
0%
Obersteinach
0%
Oberterzen
0%
Oberthal
0%
Obertuttwil
0%
Oberwald
0%
Oberwangen b. Bern
0%
Oberwilen
0%
Oberzeihen
0%
Obsee
0%
Obstalden
0%
Ochlenberg
0%
Ocourt
0%
Odogno
0%
Oekingen
0%
Oerlingen
0%
Oeschgen
0%
Oftershausen
0%
Ogens
0%
Ohmstal
0%
Oleyres
0%
Olsberg
0%
Oltigen
0%
Oltingen
0%
Onnens FR
0%
Onnens VD
0%
Opfershofen TG
0%
Opfertshofen SH
0%
Oppens
0%
Orges
0%
Origlio
0%
Ormalingen
0%
Ormône
0%
Orny
0%
Oron-le-Châtel
0%
Orpund
0%
Orsières
0%
Orsonnens
0%
Orvin
0%
Orzens
0%
Oschwand
0%
Osco
0%
Ossingen
0%
Osterfingen
0%
Ostergau
0%
Ottenhusen
0%
Oulens-sous-Echallens
0%
Pagig
0%
Pagnoncini
0%
Pailly
0%
Palézieux-Village
0%
Pampigny
0%
Panex
0%
Pany
0%
Parsonz
0%
Paspels
0%
Paudex
0%
Pazzallo
0%
Pedrinate
0%
Peissy
0%
Peist
0%
Peney
0%
Peney-Dessous
0%
Peney-le-Jorat
0%
Pensier
0%
Penthalaz
0%
Penthaz
0%
Penthéréaz
0%
Perlen
0%
Perly
0%
Perrefitte
0%
Perroy
0%
Personico
0%
Peseux
0%
Petit-Martel
0%
Peyres-Possens
0%
Pfaffnau
0%
Pfeffikon LU
0%
Pianezzo
0%
Piano di Peccia
0%
Pian S. Giacomo
0%
Piazzogna
0%
Pignia
0%
Piodina
0%
Pitasch
0%
Plagne
0%
Plan-les-Ouates
0%
Plasselb
0%
Platz
0%
Pleigne
0%
Pleujouse
0%
Poliez-le-Grand
0%
Poliez-Pittet
0%
Pollegio
0%
Pompaples
0%
Pomy
0%
Pont-de-la-Morge (Sion)
0%
Ponte Capriasca
0%
Ponte Cremenaga
0%
Pontenet
0%
Ponthaux
0%
Pont-la-Ville
0%
Ponto Valentino
0%
Porsel
0%
Portalban
0%
Porto Ronco
0%
Porza
0%
Posat
0%
Posieux
0%
Prada
0%
Pragg-Jenaz
0%
Prahins
0%
Prangins
0%
Praroman
0%
Prato-Sornico
0%
Pratval
0%
Praz-de-Fort
0%
Pregassona
0%
Pregny - Village
0%
Prêles
0%
Premier
0%
Preonzo
0%
Presinge
0%
Préverenges
0%
Prévondavaux
0%
Prévonloup
0%
Prez-vers-Noréaz
0%
Prez-vers-Siviriez
0%
Prilly
0%
Pringy
0%
Privilasco
0%
Progens
0%
Progero
0%
Promasens
0%
Promontogno
0%
Prosito
0%
Provence
0%
Prugiasco
0%
Puplinge
0%
Pura
0%
Purasca
0%
Pusserein
0%
Putz
0%
Quartino
0%
Rabius
0%
Radelfingen
0%
Radelfingen b. Aarberg
0%
Räfis
0%
Ramersberg
0%
Ramiswil
0%
Ramlinsburg
0%
Ramsen
0%
Rancate
0%
Rances
0%
Randa
0%
Randogne
0%
Ranflüh
0%
Rans
0%
Ranzo
0%
Raperswilen
0%
Räuchlisberg
0%
Ravaisch
0%
Raviscé
0%
Ravoire
0%
Realta
0%
Rebeuvelier
0%
Recherswil
0%
Rechthalten
0%
Réchy
0%
Reckingen VS
0%
Réclère
0%
Reconvilier
0%
Reidenbach
0%
Reidermoos
0%
Reigoldswil
0%
Reinisch
0%
Reisiswil
0%
Reitnau
0%
Rekingen AG
0%
Remaufens
0%
Remetschwil
0%
Remigen
0%
Renan BE
0%
Rennaz
0%
Ressudens
0%
Reutenen
0%
Reutlingen (Winterthur)
0%
Revereulaz
0%
Reverolle
0%
Rheinklingen
0%
Rheinsulz
0%
Riaz
0%
Riazzino
0%
Riburg
0%
Richenthal
0%
Richigen
0%
Ricketwil (Winterthur)
0%
Ried-Brig
0%
Riederen
0%
Riedern
0%
Riederwald
0%
Riedholz
0%
Ried-Mörel
0%
Riedt
0%
Riedt b. Erlen
0%
Riedtwil
0%
Riein
0%
Rietheim
0%
Riex
0%
Riffenmatt
0%
Riggenschwil
0%
Rigi Kaltbad
0%
Riken AG
0%
Ringwil
0%
Riniken
0%
Riom
0%
Ritzingen
0%
Riva San Vitale
0%
Riveo
0%
Rivera
0%
Robasacco
0%
Rochefort
0%
Roches BE
0%
Rocourt
0%
Rodels
0%
Rodi-Fiesso
0%
Rofisbach
0%
Roggliswil
0%
Rohrbach
0%
Rohrbachgraben
0%
Romainmôtier
0%
Romanel-sur-Lausanne
0%
Romanel-sur-Morges
0%
Romanens
0%
Rombach
0%
Römerswil LU
0%
Rona
0%
Ronwil
0%
Ropraz
0%
Rossau
0%
Rossemaison
0%
Rossenges
0%
Rossens FR
0%
Rosshäusern
0%
Rossinière
0%
Rossrüti
0%
Röthenbach Herzogenbuchsee
0%
Röthenbach im Emmental
0%
Rothenbrunnen
0%
Rothenfluh
0%
Rothenhausen
0%
Rottenschwil
0%
Rotzenwil
0%
Rovio
0%
Rovray
0%
Rubigen
0%
Ruchwil
0%
Rudenz
0%
Rüderswil
0%
Rudolfingen
0%
Rudswil
0%
Rüdtligen
0%
Rüedike
0%
Rüedisbach
0%
Rüediswil
0%
Rüegsbach
0%
Rueras
0%
Rüeterswil
0%
Rueun
0%
Rueyres
0%
Rueyres-les-Prés
0%
Rueyres-St-Laurent
0%
Rueyres-Treyfayes
0%
Rüfenach AG
0%
Rüfenacht BE
0%
Rufi
0%
Rumendingen
0%
Rumentikon
0%
Rumisberg
0%
Rumlikon
0%
Rümlingen
0%
Rünenberg
0%
Rünkhofen
0%
Ruopigen
0%
Ruppoldsried
0%
Rüschegg Gambach
0%
Rüschegg Heubach
0%
Ruschein
0%
Russo
0%
Russy
0%
Rüstenschwil
0%
Rütihof
0%
Rütschelen
0%
Rutschwil (Dägerlen)
0%
Saclentse
0%
Safenwil
0%
Safnern
0%
Sagen
0%
Sagne-Eglise
0%
Sagno
0%
Sagogn
0%
Saicourt
0%
Saillon
0%
Sala Capriasca
0%
Saland
0%
Salavaux
0%
Salenstein
0%
Sales
0%
Sâles (Gruyère)
0%
Salgesch
0%
Salins
0%
Salmsach
0%
Salorino
0%
Salouf
0%
Salvan
0%
Salvenach
0%
Samnaun-Compatsch
0%
Sangernboden
0%
Sapinhaut
0%
Säriswil
0%
Sarmenstorf
0%
Sarreyer
0%
Sarzens
0%
Sassel
0%
Satigny
0%
Saubraz
0%
Saulcy
0%
Saules
0%
Saules BE
0%
Saurenhorn
0%
Savagnier
0%
Savigny
0%
Savosa
0%
Says
0%
Scareglia
0%
S. Carlo (Poschiavo)
0%
Sceut-Dessus
0%
Schafisheim
0%
Schalchen
0%
Schalkhusen
0%
Schalunen
0%
Scheid
0%
Scherz
0%
Scherzingen
0%
Scheunen
0%
Scheunenberg
0%
Scheuren
0%
Schinznach Bad
0%
Schinznach Dorf
0%
Schlans
0%
Schlatt
0%
Schlattingen
0%
Schlatt TG
0%
Schlierbach
0%
Schliern b. Köniz
0%
Schlossrued
0%
Schmidrüti
0%
Schmiedrued
0%
Schmitten (Albula)
0%
Schmitten FR
0%
Schmitter
0%
Schmocken
0%
Schnaus
0%
Schneisingen
0%
Schnottwil
0%
Schocherswil
0%
Schönenbaumgarten
0%
Schönenwerd
0%
Schönholzerswilen
0%
Schoried
0%
Schötz
0%
Schüpbach
0%
Schürberg
0%
Schwaderloch
0%
Schwadernau
0%
Schwarzenmatt
0%
Schwarzhäusern
0%
Schweizersholz
0%
Schwenden im Diemtigtal
0%
Schwendibach
0%
S. Clau
0%
Sédeilles
0%
Seelmatten
0%
Seesatz
0%
Seewil
0%
Seewis-Pardisla
0%
Segnas
0%
Seigneux
0%
Seiry
0%
Selfranga
0%
Seltisberg
0%
Selzach
0%
Sembrancher
0%
Sementina
0%
Semione
0%
Sempach Station
0%
Semsales
0%
Senarclens
0%
Senèdes
0%
Séprais
0%
Sergey
0%
Serneus
0%
Serrières
0%
Serve
0%
Servion
0%
Seseglio
0%
Sessa
0%
Sévaz
0%
Sévery
0%
Sevgein
0%
Sézegnin
0%
Siat
0%
Siegershausen
0%
Siggenthal Station
0%
Sigigen
0%
Sigirino
0%
Siglistorf
0%
Signy
0%
Silvaplana-Surlej
0%
Simplon Dorf
0%
Siselen BE
0%
Sittertal
0%
Siviriez
0%
Soazza
0%
Sobrio
0%
Solduno
0%
Somazzo
0%
Someo
0%
Somlaproz
0%
Sommentier
0%
Sommeri
0%
Sonnental
0%
Sonogno
0%
Sonterswil
0%
Sonvico
0%
Sonvilier
0%
Soral
0%
Sorengo
0%
Sorens
0%
Soresina
0%
Sornetan
0%
Sorvilier
0%
Soubey
0%
Souboz
0%
Soulce
0%
Sous-Gare - Ouchy
0%
Soyhières
0%
Spengelried
0%
S. Pietro
0%
Spins
0%
Spirenwald
0%
Spitzen
0%
Stachen
0%
Staffelbach
0%
Stampa
0%
St. Antönien
0%
Starkenbach
0%
Starrberg
0%
St-Aubin FR
0%
St-Aubin-Sauges
0%
Stauden
0%
Staufen
0%
St-Barthélemy VD
0%
St-Brais
0%
St. Chrischona
0%
St-Cierges
0%
Stehrenberg
0%
Steinebrunn
0%
Steineloh
0%
Steinenbrücke
0%
Steinhof SO
0%
Stettfurt
0%
Stettlen
0%
Stettli
0%
St-Germain
0%
St. German
0%
Stierva
0%
Stilli
0%
St. Jakob
0%
St-Jean VS
0%
St-Légier-La Chiésaz
0%
St-Léonard
0%
St-Livres
0%
St. Loreto
0%
St-Luc
0%
St. Margrethenberg
0%
St. Moritz Bad
0%
St-Oyens
0%
St. Pelagiberg
0%
St-Pierre-de-Clages
0%
St-Prex
0%
Strada
0%
Strengelbach
0%
Striegel
0%
Strohwilen
0%
St-Romain (Ayent)
0%
St-Saphorin (Lavaux)
0%
St-Saphorin-sur-Morges
0%
St-Séverin
0%
St. Silvester
0%
St-Triphon
0%
Stüsslingen
0%
St. Wolfgang
0%
Suchy
0%
Süderen
0%
Sufers
0%
Sugnens
0%
Sulgen
0%
Sullens
0%
Sulz
0%
Sulz AG
0%
Sulzbach
0%
Sulzerberg
0%
Sulz LU
0%
Sünikon
0%
Surava
0%
Surcasti
0%
Surcuolm
0%
Süri
0%
Surpierre
0%
Surrein
0%
Suscévaz
0%
Susten
0%
Sutz
0%
Syens
0%
Tafers
0%
Tägerig
0%
Tägerschen
0%
Tamatten
0%
Tannay
0%
Tartar
0%
Tartegnin
0%
Tatroz
0%
Täuffelen
0%
Taverne
0%
Tegerfelden
0%
Tegna
0%
Tenna
0%
Tennwil
0%
Tentlingen
0%
Termen
0%
Territet
0%
Tesserete
0%
Teufenthal AG
0%
Teuffenthal b. Thun
0%
Thalheim AG
0%
Thalheim an der Thur
0%
Theilingen
0%
Thielle
0%
Thörigen
0%
Thörishaus
0%
Thundorf
0%
Thunstetten
0%
Titterten
0%
Tobel
0%
Törbel
0%
Torgon
0%
Torny-le-Grand
0%
Torny-le-Petit
0%
Torre
0%
Torricella
0%
Trans
0%
Travers
0%
Trélex
0%
Tremona
0%
Trey
0%
Treycovagnes
0%
Treytorrens (Payerne)
0%
Treyvaux
0%
Triboltingen
0%
Trient
0%
Trin Mulin
0%
Troinex
0%
Troistorrents
0%
Trüllikon
0%
Trun
0%
Truttikon
0%
Tschappina
0%
Tscheppach
0%
Tscherlach
0%
Tschugg
0%
Tufertschwil
0%
Tuileries-de-Grandson
0%
Tumegl/Tomils
0%
Turbach
0%
Turtig
0%
Turtmann
0%
Tüscherz
0%
Twann
0%
Ueken
0%
Uerkheim
0%
Uerschhausen
0%
Uerzlikon
0%
Uesslingen
0%
Uetliburg SG
0%
Uezwil
0%
Uffikon
0%
Ufhusen
0%
Ulisbach
0%
Ulmiz
0%
Umiken
0%
Undervelier
0%
Unterems
0%
Unterendingen
0%
Unter Fägswil
0%
Unterhörstetten
0%
Unterkulm
0%
Unterlangenegg
0%
Unter Laret
0%
Unteroppikon
0%
Unterramsern
0%
Unterrindal
0%
Unterschächen
0%
Unterschlatt
0%
Untersiggenthal
0%
Unterstammheim
0%
Untersteckholz
0%
Untervaz
0%
Unterwassern
0%
Uors (Lumnezia)
0%
Ursellen
0%
Ursins
0%
Ursy
0%
Uttwil
0%
Utzigen
0%
Vacallo
0%
Vaglio
0%
Vairano
0%
Valangin
0%
Valbella
0%
Val-d'Illiez
0%
Valendas
0%
Valeyres-sous-Montagny
0%
Valeyres-sous-Rances
0%
Valeyres-sous-Ursins
0%
Vallamand
0%
Vallon
0%
Valzeina
0%
Vandoeuvres
0%
Varen
0%
Varenzo
0%
Vasön
0%
Vättis
0%
Vattiz
0%
Vauderens
0%
Vauffelin
0%
Vaulion
0%
Vaulruz
0%
Vaumarcus
0%
Vaux-sur-Morges
0%
Vaz/Obervaz
0%
Vechigen
0%
Vella
0%
Vellerat
0%
Veltheim AG
0%
Vendlincourt
0%
Vennes
0%
Vens (Sembrancher)
0%
Venthône
0%
Vercorin
0%
Verdabbio
0%
Vermala
0%
Vermes
0%
Vernamiège
0%
Vernate
0%
Vernayaz
0%
Vérossaz
0%
Versam
0%
Versegères
0%
Versvey
0%
Vésenaz
0%
Vesin
0%
Vétroz
0%
Veyras
0%
Veyrier
0%
Veysonnaz
0%
Veytaux
0%
Viano
0%
Vich
0%
Vico Morcote
0%
Vicques
0%
Vielbringen b. Worb
0%
Vigana di Sopra
0%
Viganello
0%
Vignogn
0%
Vilars NE
0%
Villaraboud
0%
Villarbeney
0%
Villarepos
0%
Villargiroud
0%
Villariaz
0%
Villarimboud
0%
Villarlod
0%
Villarsel-le-Gibloux
0%
Villarsel-sur-Marly
0%
Villarsiviriaux
0%
Villarvolard
0%
Villarzel
0%
Villaz-St-Pierre
0%
Villeneuve FR
0%
Villeneuve VD
0%
Villeret
0%
Villette (Lavaux)
0%
Villiers
0%
Villigen
0%
Villnachern
0%
Vilters
0%
Vinelz
0%
Vingelz
0%
Vinzel
0%
Vionnaz
0%
Vissoie
0%
Vögelinsegg
0%
Vogelsang
0%
Vogelsang AG
0%
Vogorno
0%
Vollèges
0%
Vollenweid
0%
Vordemwald
0%
Vorderhof
0%
Vorderuttenberg
0%
Vorimholz
0%
Vouvry
0%
Vrin
0%
Vuadens
0%
Vuarmarens
0%
Vuarrengel
0%
Vuarrens
0%
Vucherens
0%
Vufflens-la-Ville
0%
Vufflens-le-Château
0%
Vugelles
0%
Vuibroye
0%
Vuippens
0%
Vuissens
0%
Vuisternens-devant-Romont
0%
Vuisternens-en-Ogoz
0%
Vuiteboeuf
0%
Vulliens
0%
Vullierens
0%
Vulpera
0%
Waag
0%
Wagen
0%
Wagenhausen
0%
Wagerswil
0%
Wahlendorf
0%
Waldhäusern AG
0%
Walkringen
0%
Wallbach
0%
Wallenbuch
0%
Wallenried
0%
Wallenwil
0%
Walliswil b. Niederbipp
0%
Walliswil b. Wangen
0%
Walperswil
0%
Waltalingen
0%
Waltenschwil
0%
Waltenstein
0%
Walterswil BE
0%
Walterswil SO
0%
Wangenried
0%
Wängi
0%
Wannenhof
0%
Wanzwil
0%
Warth
0%
Wavre
0%
Weerswilen
0%
Wegenstetten
0%
Weier im Emmental
0%
Weingarten
0%
Weissbad
0%
Weisstannen
0%
Weite
0%
Welschenrohr
0%
Welsikon
0%
Wengi b. Büren
0%
Wengi b. Frutigen
0%
Wengliswil
0%
Wenslingen
0%
Werdthof
0%
Wermatswil
0%
Wernetshausen
0%
Werthenstein
0%
Wiedlisbach
0%
Wierezwil
0%
Wiesholz
0%
Wiezikon b. Sirnach
0%
Wiggen
0%
Wiggiswil
0%
Wiggwil
0%
Wikartswil
0%
Wikon
0%
Wilchingen
0%
Wildberg
0%
Wildegg
0%
Wildensbuch
0%
Wilihof
0%
Willadingen
0%
Willigen
0%
Willikon
0%
Willisdorf
0%
Windlach
0%
Winikon
0%
Winistorf
0%
Wintersingen
0%
Winznau
0%
Wirzweli
0%
Wisen SO
0%
Wislikofen
0%
Wittenwil
0%
Wittinsburg
0%
Wittnau
0%
Wohlenschwil
0%
Wolfertswil
0%
Wolfhalden
0%
Wolfikon
0%
Wolfisberg
0%
Wölflinswil
0%
Wolfwil
0%
Wolhusen
0%
Worben
0%
Wöschnau
0%
Wünnewil
0%
Wuppenau
0%
Wyssachen
0%
Wyssbach
0%
Yens
0%
Yvonand
0%
Yvorne
0%
Zeglingen
0%
Zeihen
0%
Zeiningen
0%
Zénauva
0%
Zeneggen
0%
Zetzwil
0%
Zezikon
0%
Ziefen
0%
Ziegelried
0%
Zielebach
0%
Zignau
0%
Zimlisberg
0%
Zuben
0%
Züberwangen
0%
Zullwil
0%
Zumholz
0%
Zünikon
0%
Zwillikon
0%
Keine übereinstimmenden Quizze gefunden
Verteilung der Resultate
Anzahl Personen mit jedem Resultat
Perzentil nach korrekt beantworteten Fragen
Ihre Resultats-Entwicklung
Sie haben dieses Quiz noch nicht gespielt